| 000 | 00418nam a22001337a 4500 | ||
|---|---|---|---|
| 020 | _a0821324772 | ||
| 082 |
_a363.6091737 _bNAR _cD |
||
| 245 |
_aParticipatory evaluation tools for managing change in water and sanitation _cNarayan, Deepa |
||
| 260 |
_aWashington _bThe world bank _c1993 |
||
| 300 |
_axi, 122 p. : _bill, ; _c24 cm. |
||
| 526 |
_a0 _b0 _c0 _d363_609173700000000_NAR |
||
| 650 |
_aD _96527 |
||
| 942 |
_2ddc _cBK |
||
| 999 |
_c541907 _d541907 |
||